ნორმალური ფორმატი
MARC ფორმატი
ჩანაწერი Personal Name
ჩანაწერთა რაოდენობა, რომელიც გამოყენებულია: 1
001 - CONTROL NUMBER
- control field: 3835
003 - CONTROL NUMBER IDENTIFIER
- control field: GE_BSU
005 - DATE AND TIME OF LATEST TRANSACTION
- control field: 20190829170328.0
008 - FIXED-LENGTH DATA ELEMENTS
- fixed length control field: 190829|| aca||aabn | a|a d
040 ## - CATALOGING SOURCE
- Original cataloging agency: GE_BSU
- Transcribing agency: GE_BSU
100 ## - HEADING--PERSONAL NAME
- Personal name: სუხომლინსკი ვ.ა.
670 ## - SOURCE DATA FOUND
- Source citation: Work cat.: (GE_BSU)37998: ბასილაძე, ნოდარ 2673, ვ.ა.სუხომლინსკის პედაგოგიკური სისტემა და თანამედროვეობა /
